[Event "HUN-chT2 Erkel 0708"]
[Site "Hungary"]
[Date "2007.10.14"]
[Round "1"]
[White "Purkald, Mihaly"]
[Black "Nagy, Ferenc"]
[Result "1/2-1/2"]
[WhiteElo "2184"]
[BlackElo "2108"]
[PlyCount "80"]
[EventDate "2007.10.14"]
[EventType "team"]
[EventRounds "11"]
[EventCountry "HUN"]
[SourceTitle "EXT 2009"]
[Source "ChessBase"]
[SourceDate "2008.11.26"]
[SourceVersion "1"]
[SourceVersionDate "2008.11.26"]
[SourceQuality "1"]
[WhiteTeam "Keviterv"]
[BlackTeam "Godi"]
[WhiteTeamCountry "HUN"]
[BlackTeamCountry "HUN"]

1. d4 Nf6 2. Nf3 d5 3. g3 c6 4. Bg2 Bf5 5. 0-0 h6 6. Nbd2 Nbd7 7. b3 e6 8. Bb2 Be7 9. c4 Rc8 10. a3 0-0 11. Re1 b6 12. Rc1 Ne8 13. e4 dxe4 14. Nxe4 Nef6 15. Nc3 Re8 16. Nh4 Bh7 17. Qe2 Nf8 18. Rcd1 N6d7 19. Nf3 Bf6 20. Ne5 Bxe5 21. dxe5 Qc7 22. Rd6 Nb8 23. Red1 Red8 24. Ne4 Bxe4 25. Bxe4 Rd7 26. Rxd7 Nfxd7 27. f4 Rd8 28. Qd2 Re8 29. b4 Re7 30. Qd6 Qxd6 31. Rxd6 c5 32. b5 Kf8 33. Kf2 Re8 34. Ke3 Ke7 35. h4 Rd8 36. Rd2 Nf8 37. Rxd8 Kxd8 38. g4 Ke7 39. f5 Nbd7 40. Kf4 f6 1/2-1/2

[Event "HUN-chT2 Breyer 0607"]
[Site "Hungary"]
[Date "2007.05.20"]
[Round "11"]
[White "Nagy, Ferenc"]
[Black "Csaszar, Gyula"]
[Result "1/2-1/2"]
[WhiteElo "2108"]
[BlackElo "2079"]
[PlyCount "82"]
[EventDate "2006.11.12"]
[EventType "team"]
[EventRounds "11"]
[EventCountry "HUN"]
[SourceTitle "EXT 2008"]
[Source "ChessBase"]
[SourceDate "2007.11.25"]
[SourceVersion "1"]
[SourceVersionDate "2007.11.25"]
[SourceQuality "1"]
[WhiteTeam "Geniusz Tata"]
[BlackTeam "BEAC Rufusz II"]
[WhiteTeamCountry "HUN"]
[BlackTeamCountry "HUN"]

1. d4 Nf6 2. c4 g6 3. Nc3 d5 4. cxd5 Nxd5 5. e4 Nxc3 6. bxc3 Bg7 7. Bc4 0-0 8. Be3 c5 9. Ne2 Nc6 10. Rc1 cxd4 11. cxd4 Na5 12. Bd3 Bd7 13. h4 Rc8 14. h5 b5 15. Qd2 Nc4 16. Bxc4 bxc4 17. Bh6 Bxh6 18. Qxh6 Qa5+ 19. Qd2 Qxd2+ 20. Kxd2 Rc7 21. Nc3 e6 22. hxg6 hxg6 23. Rb1 Rd8 24. Ke3 Kg7 25. Rb4 a6 26. Rb6 Bc8 27. Rb8 Rcd7 28. Rd1 f5 29. d5 fxe4 30. dxe6 Rxd1 31. Nxd1 Rd3+ 32. Kxe4 Bxe6 33. Ne3 Rd2 34. Rb6 Bf7 35. Rxa6 Rxf2 36. a4 Ra2 37. a5 Ra4 38. Kd4 Ra3 39. Nxc4 Ra4 40. Rc6 Bxc4 41. Rxc4 Rxa5 1/2-1/2

[Event "HUN-chT2 Breyer 0607"]
[Site "Hungary"]
[Date "2007.05.06"]
[Round "10"]
[White "Nagy, Ferenc"]
[Black "Palla, Gyorgy"]
[Result "1/2-1/2"]
[WhiteElo "2108"]
[BlackElo "2111"]
[PlyCount "27"]
[EventDate "2006.11.12"]
[EventType "team"]
[EventRounds "11"]
[EventCountry "HUN"]
[SourceTitle "EXT 2008"]
[Source "ChessBase"]
[SourceDate "2007.11.25"]
[SourceVersion "1"]
[SourceVersionDate "2007.11.25"]
[SourceQuality "1"]
[WhiteTeam "Geniusz Tata"]
[BlackTeam "Balatonfuered"]
[WhiteTeamCountry "HUN"]
[BlackTeamCountry "HUN"]

1. d4 d5 2. c4 e6 3. Nf3 Nf6 4. Bg5 c6 5. Nc3 Bb4 6. Bxf6 Qxf6 7. e3 Nd7 8. Bd3 0-0 9. 0-0 Bxc3 10. bxc3 dxc4 11. Bxc4 e5 12. Qc2 exd4 13. cxd4 b6 14. e4 1/2-1/2

[Event "HUN-chT2 Breyer 0607"]
[Site "Hungary"]
[Date "2007.04.15"]
[Round "8"]
[White "Tusak, Jozsef"]
[Black "Nagy, Ferenc"]
[Result "1-0"]
[WhiteElo "1511"]
[BlackElo "2108"]
[PlyCount "87"]
[EventDate "2006.11.12"]
[EventType "team"]
[EventRounds "11"]
[EventCountry "HUN"]
[SourceTitle "EXT 2008"]
[Source "ChessBase"]
[SourceDate "2007.11.25"]
[SourceVersion "1"]
[SourceVersionDate "2007.11.25"]
[SourceQuality "1"]
[WhiteTeam "Szentendre"]
[BlackTeam "Geniusz Tata"]
[WhiteTeamCountry "HUN"]
[BlackTeamCountry "HUN"]

1. Nf3 d5 2. g3 Nf6 3. d4 e6 4. Nc3 Be7 5. Ne5 Nbd7 6. h4 Nxe5 7. dxe5 Nd7 8. Qd4 c5 9. Qg4 Bf8 10. f4 h5 11. Qf3 g6 12. e3 b6 13. Bb5 Bb7 14. 0-0 Qc7 15. Bxd7+ Qxd7 16. Rd1 d4 17. Ne4 0-0-0 18. exd4 Kb8 19. c3 Qc6 20. Re1 cxd4 21. Bd2 Bc5 22. Kh2 dxc3 23. Bxc3 Rd7 24. Qe2 Be7 25. Rac1 Qa4 26. b3 Qa6 27. Qxa6 Bxa6 28. Rcd1 Rhd8 29. Rxd7 Rxd7 30. Rc1 Bb7 31. Nd6 Bxd6 32. exd6 Bd5 33. Be5 f6 34. Bxf6 Kb7 35. Be7 Be4 36. Kg1 b5 37. Rc5 Kb6 38. b4 a5 39. a3 axb4 40. axb4 Ra7 41. Bd8+ Ka6 42. Kf2 Rd7 43. Bc7 Bd3 44. Ke3 1-0